|
|
|
|
| LEADER |
01006nnm a2200253za 4500 |
| 001 |
001000609 |
| 003 |
CZ BrMZK |
| 005 |
20091210132743.0 |
| 007 |
sd fsngnnmmned |
| 008 |
071025s2007 enk|||||||||||||| engod |
| 020 |
|
|
|a 9780194576451
|
| 040 |
|
|
|a BOA001
|b cze
|
| 100 |
1 |
|
|a Appleby, Rachel,
|d 1929-
|7 pna2007384219
|
| 245 |
1 |
0 |
|a Business one:one. Pre-intermediate. Class CDs
|h [zvukový záznam] /
|c Rachel Appleby a další
|
| 260 |
|
|
|a Oxford :
|b Oxford University Press,
|c 2007
|
| 300 |
|
|
|a sada 2 kompaktních disků +
|e knihy EB 14
|
| 490 |
1 |
|
|a Oxford business English
|
| 653 |
0 |
|
|a obchodní angličtina pro mírně pokročilé
|
| 830 |
|
0 |
|a Oxford business English
|
| 910 |
|
|
|a BOA001
|x CD-A 301
|
| 990 |
|
|
|a AM
|
| 991 |
|
|
|z 000049195
|x 99
|
| 996 |
7 |
|
|b 261E007021
|c CD-A 301
|d CD 1
|v 5
|l Anglická knihovna/2.patro
|r ZHR
|n 37
|h CD-A 301
|w 001000609
|u 000010
|a 0
|e BOA001
|j MZK50
|s A
|
| 996 |
7 |
|
|b 261E007022
|c CD-A 301
|d CD 2
|v 5
|l Anglická knihovna/2.patro
|r ZHR
|n 37
|h CD-A 301
|w 001000609
|u 000020
|a 0
|e BOA001
|j MZK50
|s A
|